| 000 | 00358nam a22001457a 4500 | ||
|---|---|---|---|
| 999 |
_c8031 _d8031 |
||
| 003 | OSt | ||
| 005 | 20200619154231.0 | ||
| 008 | 200619b ||||| |||| 00| 0 eng d | ||
| 020 | _a9781138628342 | ||
| 082 |
_a690 _bMCK |
||
| 100 | _aMckay Barr William | ||
| 245 | _aMckay's Building Construction | ||
| 260 |
_aLondon _bT&F India,Routledge _c2017 |
||
| 942 | _2ddc | ||